Effects of temperature on interlaminar fracture toughness of fibre reinforced plastic composites made by newly proposed rubber pressure moulding technique (Record no. 58385)

MARC details
000 -LEADER
fixed length control field 00660nam a2200205Ia 4500
100 ## - MAIN ENTRY--AUTHOR NAME
Personal name Kar K K
245 #0 - TITLE STATEMENT
Title Effects of temperature on interlaminar fracture toughness of fibre reinforced plastic composites made by newly proposed rubber pressure moulding technique
260 ## - PUBLICATION, DISTRIBUTION, ETC. (IMPRINT)
Name of publisher Plastics, Rubber and Composites
Year of publication 2007
300 ## - PHYSICAL DESCRIPTION
Number of Pages 274-280
520 ## - SUMMARY, ETC.
Summary, etc DL
650 ## - SUBJECT ADDED ENTRY--TOPICAL TERM
Topical Term Fibre reinforced plastic
650 ## - SUBJECT ADDED ENTRY--TOPICAL TERM
Topical Term Glass fibre
650 ## - SUBJECT ADDED ENTRY--TOPICAL TERM
Topical Term Interlaminar fracture toughness
650 ## - SUBJECT ADDED ENTRY--TOPICAL TERM
Topical Term Polyester resin
650 ## - SUBJECT ADDED ENTRY--TOPICAL TERM
Topical Term Rubber pressure moulding
700 ## - ADDED ENTRY--PERSONAL NAME
Personal name Kumar P
700 ## - ADDED ENTRY--PERSONAL NAME
Personal name Sharma S D
942 ## - ADDED ENTRY ELEMENTS (KOHA)
Koha item type Journals
Holdings
Withdrawn status Lost status Damaged status Not for loan Home library Current library Shelving location Date acquired Serial Enumeration / chronology Koha item type
      Journals RRII Library RRII Library Rubber technology 15/11/2007 Volume 36, Issue 6 Journals